Documentació i informació al servei del sector educatiu / Institut de Ciències de l'Educació de la Universitat Autònoma de Barcelona
Descripción Física:
219 p. ; 21 x 30 cm
MARC
| LEADER | 00000nam a2200000Ia 4500 | ||
|---|---|---|---|
| 001 | 603 | ||
| 008 | 160829s1981 xx 000 0 cat d | ||
| 080 | |a FOL-1-186 | ||
| 110 | 1 | |a Universitat Autònoma de Barcelona. |b Institut de Ciències de l'Educació |9 54205 | |
| 245 | |a Documentació i informació al servei del sector educatiu / Institut de Ciències de l'Educació de la Universitat Autònoma de Barcelona | ||
| 260 | |a Bellaterra : |b l'Institut, |c 1981 | ||
| 300 | |a 219 p. ; |c 21 x 30 cm | ||
| 650 | |a Educació |x Catalunya |x Directoris |9 24684 | ||
| 650 | |a Educació |x Documentació |9 24685 | ||
| 650 | |a Documentació |x Catalunya |9 24686 | ||
| 901 | |a Arxiu | ||
| 942 | |n 1 | ||
| 952 | |0 0 |1 0 |4 0 |6 FOL1186 |7 1 |9 43264 |a Arxiu |b Arxiu |d 2016-12-01 |l 0 |o FOL-1-186 |p 603 |r 2016-12-01 00:00:00 |w 2016-12-01 |y ARXIU | ||
| 999 | |c 45809 |d 45809 | ||